000 00322nam a2200145Ia 4500
008 150301s2015 xx 000 0 und d
082 _a616.01
_bG93P
100 _aPPWAR, C.B
245 _aGENERAL MICROBIOLOGY
250 _a8TH
260 _bHIMALIYA PUB
300 _a657
650 _aPHARMACEUTICS
942 _2ddc
_cBK
999 _c7342
_d7342